000 01433nam a22003497a 4500
003 CHAP
005 20220329142151.0
008 000126d1993 mx r 00110 spa d
010 _a79496
011 _a80468
035 _a90919
040 _cCHAP
090 _aTesis
100 0 0 _aMartínez Arredondo, Carlos Alberto.
_971818
245 1 0 _aGeneración de variabilidad en chile Capsicum annuum L. para resistencia a enfermedades virales :
_bvirus jaspeado del tabaco (VIT), virus mosaico del pepino (VMP), por el método de mutagénesis radinducida
_c/por Carlos Alberto Martínez Arredondo
260 _aChapingo, Méx. :
_bEl autor,
_c1993.
300 _a59 h. :
_bcuadros
502 _aTesis (Ing. Agr. Fitotecnista) -- Universidad de Guanajuato. Escuela de Agronomía y Zootecnia
590 _aALEPH
_b10
_c20130110
_lUCH01
_h1431
590 _aBATCH-UPD
_b10
_c20130110
_lUCH01
_h1654
590 _aBATCH-UPD
_b10
_c20130410
_lUCH01
_h1043
590 _aBATCH-UPD
_b10
_c20130914
_lUCH01
_h0924
590 _aCONVERSION
_b10
_c20130109
_lUCH01
_h1344
650 1 4 _aChile (Botánica)
_xEnfermedades por virus.
_922356
650 1 4 _aChile (Botánica)
_xVariedades resistentes a enfermedades.
_922394
650 1 4 _aVirus del mosaico del pepino.
_9119963
650 1 4 _aVirus del mosaico del tabaco.
_9119964
901 _aBK
905 _aAlejandra Carrasco M.
942 _cTESIS
949 _bBC
_cTES
_d909191
_eTS1
_h34047
_i90919
_sb
999 _c79496
_d79496